Proyectos y medologías de la investigación /

Guardado en:
Autor Principal: Lorenzo, María Rosa
Otros Autores: Zangaro, Marcela
Formato: Libro
Publicado: Buenos Aires : Aula Taller, 2006
Materias:
Etiquetas: Agregar Etiqueta
Sin Etiquetas, Sea el primero en etiquetar este registro!
LEADER 01175nam a22002775a 4500
001 CEM.cems012391
005 20070312193127.0
008 130507s2006##################000#0#####d
003 CEMS
020 |a 9879675797 
082 0 4 |a 001.42 
100 1 |a Lorenzo, María Rosa 
245 1 0 |a Proyectos y medologías de la investigación /  |c María Rosa Lorenzo ; marcela Zangaro 
260 |a Buenos Aires :  |b Aula Taller,  |c 2006 
300 |a 128 p. 
500 |a Para la educación media y polimodal 
505 0 |a El problema del conocimiento -- El surgimiento de las ciencias sociales -- Los primeros pasos en el proceso de investigación científica -- El marco teórico y la hipótesis de la investigación -- El diseño de la investigación -- La operacionalización y la recolección de datos -- Los datos y su procesamiento -- La presentación del trabajo 
653 |a Conocimiento 
653 |a Investigación científica 
653 |a Proyectos 
653 |a Positivismo 
653 |a Marxismo 
653 |a Ciencias sociales 
653 |a Metodolgía de la investigación 
700 1 |a Zangaro, Marcela 
859 |a CEMS  |b BIB. CEMS - 11 de abril  |h 001.42  |i L877  |p 23695.07  |t Ej.1